| 000 | 00774cam a22002535a 4500 | ||
|---|---|---|---|
| 001 | 015721514 | ||
| 003 | OSt | ||
| 005 | 20160517120318.0 | ||
| 008 | 101217s2011 enk b 001 0 eng d | ||
| 020 | _a9781848858145 (pbk.) | ||
| 040 |
_aStDuBDS _beng _cStDuBDS _dUk _dEG-ScBUE |
||
| 043 | _aa-le--- | ||
| 082 | 0 | 4 |
_a322.1095692 _222 _bSHA |
| 100 | 1 |
_aShanahan, Rodger, _d1964- _940003 |
|
| 245 | 1 | 4 |
_aThe Shi'a of Lebanon : _bclans, parties and clerics / _cRodger Shanahan. |
| 260 |
_aLondon ; _aNew York : _bI. B. Tauris, _cc.2011. |
||
| 300 |
_axviii, 208 p. ; _c22 cm. |
||
| 500 | _aIndex : p. [195]-208. | ||
| 504 | _aIncludes bibliographical references. | ||
| 650 | 7 |
_aShiites _zLebanon. _2BUEsh _940004 |
|
| 651 | _2BUEsh | ||
| 653 |
_bBUSBOL _cMay2016 |
||
| 942 | _2ddc | ||
| 999 |
_c21765 _d21737 |
||